Hammond Citation World Atlas

Uložené v:
Podrobná bibliografia
Médium: Kniha
Jazyk:English
Vydavateľské údaje: Maplewood Hammond Incorporated 1996
Vydanie:1. ed.
Predmet:
Tagy: Pridať tag
Žiadne tagy, Buďte prvý, kto otaguje tento záznam!

MARC

LEADER 00000nam a2200000 4500
001 c020146
005 20221214072638.1
020 |a 0-8437-1295-3 
041 0 |a eng 
044 |a US 
245 1 0 |a Hammond Citation World Atlas 
250 |a 1. ed. 
264 1 |a Maplewood  |b Hammond Incorporated  |c 1996 
300 |a 328 s. 
610 2 0 |a geografia 
610 2 0 |a geografia hospodárska 
610 2 0 |a štát 
610 2 0 |a svet